000 00197nam a2200085 4500
001 1254308
005 20251105144544.0
245 _aTÜRKÇE SÖZLÜK
_cKOMİSYON
260 _bTÜRK DİL KURUMU YAYINLARI
999 _c1254308
_d1254308